| 000 | 01005nam a2200241 a 4500 | ||
|---|---|---|---|
| 001 | 000022190 | ||
| 005 | 20200930011625.0 | ||
| 008 | 100917s1993 mx 000 0 spa d | ||
| 020 | _a9682948290 | ||
| 020 | _a9700504891 | ||
| 040 |
_aDO-SdBNP _bspa _cBNPHU |
||
| 082 |
_ann* _bnn* |
||
| 100 | 1 |
_aKlein, Herbert S. _945909 |
|
| 240 | 1 | 4 |
_aThe origins of the Bolivian national revolution: parties, politics amd war, 1920-1943. _lEspañol |
| 245 | 1 | 0 |
_aOrígenes de la revolución nacional boliviana : _bla crisis de la generación de Chaco / _cHerbert S. Klein ; traducción Miguel Hidalgo. |
| 260 |
_aMéxico, D. F. : _bConsejo Nacional para la Cultura y las Artes ; _bGrijalbo, _c1993. |
||
| 300 |
_a429 p. ; _c21 cm. |
||
| 490 | 1 | _aClaves de América Latina | |
| 534 |
_aTpitulo original en inglés : _tThe origins of the Bolivian national revolution: parties, politics amd war, 1920-1943. |
||
| 700 | 1 |
_aHidalgo, Miguel, _etr. _945910 |
|
| 830 | 0 |
_aClaves de América Latina _932587 |
|
| 049 | _aBNGR | ||
| 999 |
_c21688 _d21688 |
||